Análise combinatória e probabilidade com as soluções dos exercícios (Record no. 137776)

MARC details
000 -LÍDER
campo de controle de tamanho fixo 00597 a2200205 4500
001 - NÚMERO DE CONTROLE
campo de controle 137776
020 ## - ISBN - INTERNATIONAL STANDARD BOOK NUMBER
ISBN - International Standard Book Number 9788583370833
040 ## - FONTE DA CATALOGAÇÃO
Instituição que transcreveu o registro Leonardo Da Vinci
041 ## - CÓDIGO DE IDIOMA
Código do idioma do texto/trilha sonora ou título diferente Português
082 ## - CDD - CLASSIFICAÇÃO DECIMAL DE DEWEY
Número de Classificação 519.2 A532
Número do exemplar A532
100 ## - ENTRADA PRINCIPAL--NOME PESSOAL
Nome pessoal MORGADO, Augusto César... [et al.]
245 ## - TÍTULO
Título Análise combinatória e probabilidade com as soluções dos<br/>exercícios
250 ## - EDIÇÃO
Edição 10. ed
260 ## - PUBLICAÇÃO, DISTRIBUIÇÃO, ETC.
Nome do editor, distribuidor, etc. SBM
Data da publicação, distribuição, etc. 2016
Local de publicação, distribuição, etc. Rio de Janeiro
300 ## - DESCRIÇÃO FÍSICA
Extensão 326
362 ## - DATAS DE PUBLICAÇÃO E/OU DESIGNAÇÃO SEQUENCIAL
Datas de publicação e/ou designação sequencial 20160000
490 ## - TÍTULO DA SÉRIE
Título da série Coleção do Professor de Matemática, v. 2
697 ## - ENTRADA DE ASSUNTO LOCAL--ENTIDADE COLETIVA (RLIN)
Nome corporativo ou nome da jurisdição Matemática
-- Análise combinatória
-- Probabilidade
942 ## - ELEMENTOS DE ENTRADA ADICIONADOS (KOHA)
Tipo de material Koha Livros
Holdings
Situação do descarte Situação das perdas Situação física Não pode ser emprestado Biblioteca de origem Biblioteca atual Data de aquisição Total de empréstimos Número de chamada completo Código de barras Data de último acesso Data do preço efetivo Tipo de material Koha
        Leonardo Da Vinci - Alphaville 1 Leonardo Da Vinci - Alphaville 1 27/03/2024   519.2 A532 A00805LVA 27/03/2024 27/03/2024 Livros